| 000 | 00790nmm a2200277 a 4500 | ||
|---|---|---|---|
| 003 | AR-BaBNM | ||
| 005 | 20251128205104.0 | ||
| 008 | 276019s1996 ||||||||||||||000 | spa|| | ||
| 040 | _cAR-BaBNM | ||
| 100 | 1 | _aKatz, Ricardo Santiago | |
| 245 | 1 | 0 | _aHistoria de la educación en la provincia de Buenos Aires |
| 260 |
_aLa Plata _bEl autor _c1996 |
||
| 300 |
_a448 p. _bil., diagr. |
||
| 504 | _aBibliografía: p. 431-435 | ||
| 650 | 4 | _aHISTORIA DE LA EDUCACION | |
| 650 | 4 | _aORGANIZACION DE LA EDUCACION | |
| 650 | 4 | _aDOCUMENTOS DE EDUCACION | |
| 651 | 4 | _aArgentina | |
| 653 | _aSISTEMA EDUCATIVO | ||
| 653 | _aLEGISLACION EDUCATIVA | ||
| 653 | _aLEY FEDERAL DE EDUCACION | ||
| 653 | _aLEY 1420 | ||
| 700 | 1 |
_aPanella, Claudio _eprologuista |
|
| 942 | _cBK | ||
| 998 | _csilvi | ||
| 999 |
_c9941 _d9941 |
||